000
00311nam a22001337a 4500
008
171020b xxu||||| |||| 00| 0 eng d
020
_a
0444889191
041
_a
eng
080
_a
338
100
_a
54
101
_a
338
245
_a
ADVANCES IN PRODUCTION IN MANAGEMENT SYSTEMS
_c
ELORANTA,E
942
_2
udc
_c
BK
999
_c
35030
_d
35030